000 00710nam a2200289Ia 4500
005 20260324122227.0
008 008 260324s9999 xx 000 0 eng d
020 _a9781315300399
037 _aEBOOK
040 _aCRL
040 _beng
040 _cCRL
041 _2eng
041 _aeng
084 _qCRL
100 _aJeffrey P. Wincel; Thomas J. Kull, PhD
_91165625
245 0 _aPeople, Process, and Culture
245 0 _bLean Manufacturing in the Real World
260 _bTaylor and Francis
260 _c2013
365 _a
365 _b70.99
856 _uhttp://www.taylorfrancis.com/books/9781315300399
942 _cEBOOK
999 _c1758197
_d1758197